Parts of a Flag - Map Quiz - Statistics

General Stats
  • This quiz has been taken 355 times
  • The average score is 9 of 25
Answers on the Map
Answers color-coded by a green-red scale on the quiz's map according to % correct below.
 
Answer Stats
Answer % Correct
Diagonal Bisection
73%
Nordic Cross
68%
Stripes
62%
Horizontal Bisection
58%
Quadrisection
55%
Saint Andrew's Cross
50%
Bordure
48%
Field
48%
Vertical Bisection
46%
Greek Cross
43%
Saint George's Cross
43%
Chevron
41%
Base
36%
Arrowhead
35%
Hoist
31%
Side
29%
Canton
26%
Canadian Pale
22%
Chief
19%
Charge
17%
Pale
13%
Bend
12%
Fess
9%
Pall
5%
Pile
4%
No matching quizzes found
Score Distribution
Percent of People with Each Score
Percentile by Number Answered
Your Score History
You have not taken this quiz